00916nam a2200193 a 450000100100000000500170001000800410002704000250006808200140009310000310010724501320013826000700027030000260034059000760036670000340044270000440047695201850052099900170070500003587920200930074704.0111115s1957 mx 000 0 spa d aDO-SdBNPbspacBNPHU axxxbK82m1 aKonstantinov, F. V.94715213aEl materialismo histórico /cF. V. Konstantinov ; traducción directa del ruso Wenceslao Roces y Adolfo Sánchez Vázquez. aMéxico :bGrijalbobAcademia de Ciencias de la U.R.S.S.,c1957. axii, 446 p. ;c22 cm. aPerteneció a la biblioteca personal de Juan Isidro Jimenes Grullón.1 aRoces, Wenceslao,etr.9313671 aSánchez Vázquez, Adolfo,etr.95417 001050718RVaGRbGRcCTd2011-11-15iLF1l0oxxx K82mp35879-10r2020-06-25w2020-06-25y1zPerteneció a la biblioteca personal de Juan Isidro Jimenes- GrullónZNo se presta c35370d35370